Catalog

Record Details

Catalog Search



Decomposers and scavengers : nature's recyclers / ... Read More

Huddleston, Emma,(author.).
Volk, Thomas,(consultant.).
Series: Team Earth

Available copies

  • 1 of 1 copy available at LARL/NWRL Consortium. (Show)
  • 1 of 1 copy available at Northwest Regional Library.

Current holds

0 current holds with 1 total copy.

Show Only Available Copies
Location Call Number / Copy Notes Barcode Shelving Location Status Due Date
Hallock Public Library j 577.16 HUD (Text) 35500006314445 Main Available -

Record details

  • ISBN: 9781532190988
  • ISBN: 1532190980
  • Physical Description: 48 pages : color illustrations ; 24 cm.
  • Publisher: Minneapolis : Abdo Publishing, [2020]

Content descriptions

Bibliography, etc. Note:
Includes bibliographical references and index.
Formatted Contents Note:
Breaking down waste -- Big scavengers -- Small ... Read More
Summary, etc.:
This book looks at how animals and other organisms ... Read More
Subject: Biodegradation > Juvenile literature.
Organic wastes > Juvenile literature.
Food chains (Ecology) > Juvenile literature.
Ecology > Juvenile literature.
Genre: Juvenile works
LDR 01538cam a2200373 c 4500
001352789
003LARL_NWRL_CONSORTIUM
00520201012191935.0
008200501s2020 mnua j b 001 0 eng d
020 . ‡a9781532190988 ‡qhardcover
020 . ‡a1532190980 ‡qhardcover
035 . ‡a(OCoLC)1152894744
040 . ‡aAXJ ‡beng ‡erda ‡cAXJ ‡dOCLCO ‡dLMJ ‡dOCLCF ‡dSINLB
1001 . ‡aHuddleston, Emma, ‡eauthor.
24510. ‡aDecomposers and scavengers : ‡bnature's recyclers / ‡cby Emma Huddleston ; content consultant, Thomas Volk.
264 1. ‡aMinneapolis : ‡bAbdo Publishing, ‡c[2020]
264 4. ‡c℗♭2020.
300 . ‡a48 pages : ‡bcolor illustrations ; ‡c24 cm.
336 . ‡atext ‡btxt ‡2rdacontent.
336 . ‡astill image ‡bsti ‡2rdacontent.
337 . ‡aunmediated ‡bn ‡2rdamedia.
338 . ‡avolume ‡bnc ‡2rdacarrier.
4900 . ‡aTeam Earth
504 . ‡aIncludes bibliographical references and index.
5050 . ‡aBreaking down waste -- Big scavengers -- Small scavengers -- Bacteria and fungi.
520 . ‡aThis book looks at how animals and other organisms make the world a better place by breaking down waste, as well as the threats they face and how people can protect them.
650 0. ‡aBiodegradation ‡vJuvenile literature.
650 0. ‡aOrganic wastes ‡vJuvenile literature.
650 0. ‡aFood chains (Ecology) ‡vJuvenile literature. ‡0(LARL_NWRL_CONSORTIUM)165115
650 0. ‡aEcology ‡vJuvenile literature. ‡0(LARL_NWRL_CONSORTIUM)164713
655 7. ‡aJuvenile works ‡2fast
7001 . ‡aVolk, Thomas, ‡econsultant.
901 . ‡a352789 ‡b ‡c352789 ‡tbiblio

Additional Resources